000 01046cam a2200253 4500
001 ABS63162
008 000000n2000 000 0 eng u
035 _a(Sirsi) u109314
100 _aThompson, B
245 _aClosed door?
260 _c2000
490 _aRoof
_v25(6) November/December 2000, 9(1)
520 _aLooks at the negative impact of 'RPI only' rent increases on large scale voluntary transfers (LSVTs). Suggests that the introduction of RPI only may result in repayment difficulties, a breach of financial covenants, and a loss of valuations and asset cover for associations on existing LSVT business plans. Considers a number of contingency plans for LSVTs if RPI only goes ahead.
590 _aABS
650 _aHOUSING ASSOCIATIONS
650 _aBUSINESS PLANS
650 _aSOCIAL HOUSING
650 _aLARGE SCALE VOLUNTARY TRANSFERS
650 _aSTOCK TRANSFERS
650 _aALL ITEMS RETAIL PRICES INDEX
650 _aLARGE SCALE VOLUNTARY TRANSFERS
690 _aBlock management
_96220
942 _n0
999 _c65244
_d65244